| 000 | 00812nam a2200265Ia 4500 | ||
|---|---|---|---|
| 003 | OSt | ||
| 005 | 20220925205503.0 | ||
| 006 | a|||||r|||| 00| 0 | ||
| 007 | ta | ||
| 008 | 220923b |||||||| |||| 00| 0 eng d | ||
| 020 | _a1591403642 | ||
| 037 | _cGeneral Book | ||
| 040 |
_aRTL _cRTL _beng |
||
| 041 |
_2eng _aeng |
||
| 082 | _aX:(D6,9(B), P6 | ||
| 100 |
_aKehal Harbhajan S _9270377 |
||
| 245 | 0 |
_aDigital economy _b Imapcts, influences and challenges |
|
| 260 |
_aHershey _bIdea Group Publishing _c2006 |
||
| 300 |
_axxvi,395p _ccm. |
||
| 500 | _aBibliography chapterwise | ||
| 650 |
_aEconomics IRT Computer Science _9235195 |
||
| 700 |
_a Singh Varinder P _9270378 |
||
| 942 |
_hX:(D6,9(B), P6 _cGB _2CC |
||
| 999 |
_c552295 _d552295 |
||